Brazilian adventure / (Record no. 186179)

000 -LEADER
fixed length control field 00866 a2200229 4500
003 - CONTROL NUMBER IDENTIFIER
control field NUST
005 - DATE AND TIME OF LATEST TRANSACTION
control field 20230127131215.0
010 ## - LIBRARY OF CONGRESS CONTROL NUMBER
LC control number 82017036
020 ## - INTERNATIONAL STANDARD BOOK NUMBER
International Standard Book Number 087477246X
040 ## - CATALOGING SOURCE
Transcribing agency Nust
082 00 - DEWEY DECIMAL CLASSIFICATION NUMBER
Classification number 904.981,FLE
100 1# - MAIN ENTRY--PERSONAL NAME
Personal name Fleming, Peter,
9 (RLIN) 107794
245 10 - TITLE STATEMENT
Title Brazilian adventure /
Statement of responsibility, etc. Peter Fleming.
260 ## - PUBLICATION, DISTRIBUTION, ETC.
Place of publication, distribution, etc. Los Angeles :
Name of publisher, distributor, etc. J.P. Tarcher ;
Place of publication, distribution, etc. Boston :
Name of publisher, distributor, etc. Distributed by Houghton Mifflin,
Date of publication, distribution, etc. c1933.
300 ## - PHYSICAL DESCRIPTION
Extent 376 p. :
Other physical details map ;
Dimensions 21 cm.
505 ## - FORMATTED CONTENTS NOTE
Formatted contents note Through the Looking Glass (Page-13), Hand to Mouth (Page-175), The Race to the Amazon (Page-285), Home Sweet Home (Page-405).
600 10 - SUBJECT ADDED ENTRY--PERSONAL NAME
Personal name Fawcett, Percy Harrison,
Dates associated with a name 1867-1925?
9 (RLIN) 107925
600 10 - SUBJECT ADDED ENTRY--PERSONAL NAME
Personal name Fleming, Peter,
Dates associated with a name 1907-1971.
9 (RLIN) 99373
651 #0 - SUBJECT ADDED ENTRY--GEOGRAPHIC NAME
Geographic name Brazil
General subdivision Description and travel.
9 (RLIN) 107926
651 #0 - SUBJECT ADDED ENTRY--GEOGRAPHIC NAME
Geographic name Mato Grosso (Brazil : State)
General subdivision Description and travel.
9 (RLIN) 107927
942 ## - ADDED ENTRY ELEMENTS (KOHA)
Source of classification or shelving scheme
Koha item type Book
Call number prefix 904.981,FLE
Holdings
Withdrawn status Lost status Source of classification or shelving scheme Damaged status Not for loan Permanent Location Current Location Shelving location Date acquired Full call number Barcode Date last seen Price effective from Koha item type Public note
          Military College of Signals (MCS) Military College of Signals (MCS) General Stacks 12/12/2016 904.981,FLE MCS29038 12/08/2016 12/12/2016 Book Almirah No.58, Shelf No.3
© 2023 Central Library, National University of Sciences and Technology. All Rights Reserved.